| 000 | 00682nam a2200193Ii 4500 | ||
|---|---|---|---|
| 003 | JO-AjNU | ||
| 008 | 230605s9999||||xx |||||||||||||| ||und|| | ||
| 040 |
_aJO-AjNU _bara _erda _cJO-AjNU |
||
| 041 | _aara | ||
| 050 | 1 | 4 | _aPJ7846.A811A77 1992 |
| 100 | 3 |
_aبقلم جبر، مريم, _eauthor _949448 |
|
| 245 | 0 | 0 | _aآخر أحاديث العرافة: مجموعة قصص |
| 264 | 3 | 1 | _aاربد- الاردن: دار الكندي للنشر والتوزيع، 1992 |
| 300 | _a117ص | ||
| 336 |
_atext _btxt _2rdacontent |
||
| 337 |
_aunmediated _bn _2rdamedia |
||
| 338 |
_avolume _bnc _2rdacarrier |
||
| 650 | 4 |
_aالادب العربي - الاردن - قصص قصيرة _949449 |
|
| 999 |
_aA21719 _c25287 _d25287 |
||